<?xml version="1.0" encoding="UTF-8"?>
<record
    xmlns:xsi="http://www.w3.org/2001/XMLSchema-instance"
    xsi:schemaLocation="http://www.loc.gov/MARC21/slim http://www.loc.gov/standards/marcxml/schema/MARC21slim.xsd"
    xmlns="http://www.loc.gov/MARC21/slim">

  <leader>00963cam a22002171a 4500</leader>
  <controlfield tag="001">af 47004659 </controlfield>
  <controlfield tag="003">DLC</controlfield>
  <controlfield tag="005">20260227110827.0</controlfield>
  <controlfield tag="008">820109s1944    gw acfh       000 0dger  </controlfield>
  <datafield tag="010" ind1=" " ind2=" ">
    <subfield code="a">af 47004659 </subfield>
  </datafield>
  <datafield tag="035" ind1=" " ind2=" ">
    <subfield code="a">(OCoLC)8053576</subfield>
  </datafield>
  <datafield tag="040" ind1=" " ind2=" ">
    <subfield code="a">DLC</subfield>
    <subfield code="c">MnManS</subfield>
    <subfield code="d">DLC</subfield>
  </datafield>
  <datafield tag="050" ind1="0" ind2="0">
    <subfield code="a">T39</subfield>
    <subfield code="b">.T47</subfield>
  </datafield>
  <datafield tag="100" ind1="1" ind2=" ">
    <subfield code="a">Thiel, Rudolf,</subfield>
    <subfield code="d">1899-1981.</subfield>
  </datafield>
  <datafield tag="245" ind1="1" ind2="0">
    <subfield code="a">Ruhm und Leiden der Erfinder /</subfield>
    <subfield code="c">Rudolf Thiel.</subfield>
  </datafield>
  <datafield tag="250" ind1=" " ind2=" ">
    <subfield code="a">Grosse Ausg.</subfield>
  </datafield>
  <datafield tag="260" ind1=" " ind2=" ">
    <subfield code="a">Berlin :</subfield>
    <subfield code="b">P. Neff,</subfield>
    <subfield code="c">1944.</subfield>
  </datafield>
  <datafield tag="300" ind1=" " ind2=" ">
    <subfield code="a">492 p. :</subfield>
    <subfield code="b">ill., plates, ports., facsim. ;</subfield>
    <subfield code="c">22 cm.</subfield>
  </datafield>
  <datafield tag="505" ind1="0" ind2=" ">
    <subfield code="a">Gutenberg vor Gericht -- Merkw&#xFC;rdige Abenteuer und Erfindungen des weitgereisten Dr. Johann Joachim Becher aus der Pfalz -- Wettlauf mit dem Henker -- Miniaturen aus der guten alten Zeit -- Senefelders Zaubertinte -- Gabelsberger -- Ruhm der Anspruchslosen -- Wilhelm Bauer, Submarine-Ingenieur -- Trag&#xF6;die eines Patrioten -- Eine menschen fressende Maschine -- Zeppelin.</subfield>
  </datafield>
  <datafield tag="650" ind1=" " ind2="0">
    <subfield code="a">Inventors</subfield>
    <subfield code="z">Germany.</subfield>
  </datafield>
  <datafield tag="999" ind1=" " ind2=" ">
    <subfield code="c">2734</subfield>
    <subfield code="d">2734</subfield>
  </datafield>
</record>
